| 000 | 00459nam a22001457a 4500 | ||
|---|---|---|---|
| 008 | 230328b |||||||| |||| 00| 0 eng d | ||
| 040 |
_aNational Science Library _cNational Science Library |
||
| 080 |
_aD 681.324 _bN0 |
||
| 245 |
_aArtificial neural networks: _bConcept learning |
||
| 260 |
_aWashington: _bIEEE Computer Society Press , _c1990 |
||
| 300 | _avii, 141p. | ||
| 650 | _aComputer science | ||
| 653 | _aInformation technology | ||
| 942 |
_2udc _cBK |
||
| 999 |
_c15707 _d15707 |
||